Forensic examination of human hair (Record no. 63521)
[ view plain ]
| 000 -LEADER | |
|---|---|
| fixed length control field | 01066nam a2200277Ia 4500 |
| 245 00 - TITLE STATEMENT | |
| Title | Forensic examination of human hair |
| 260 ## - PUBLICATION, DISTRIBUTION, ETC. (IMPRINT) | |
| Place of publication | London : |
| Name of publisher | Taylor & Francis, |
| Year of publication | 1999. |
| 300 ## - PHYSICAL DESCRIPTION | |
| Number of Pages | xii, 267 p. |
| 650 #0 - SUBJECT ADDED ENTRY--TOPICAL TERM | |
| Topical Term | Forensic sciences. |
| Topical Term | Criminal investigation. |
| 700 1# - ADDED ENTRY--PERSONAL NAME | |
| Personal name | Robertson, James. |
| 856 40 - ELECTRONIC LOCATION AND ACCESS | |
| Uniform Resource Identifier | http://site.ebrary.com/lib/rucke/Doc?id=10054668 |
No items available.
